|
|
|
|
| LEADER |
00000nam a2200000 a 4500 |
| 001 |
vtls001267981 |
| 003 |
SK-MaSNL |
| 005 |
20260302032345.0 |
| 008 |
251113s1935 xr 0 cze |
| 035 |
|
|
|a SNK000218974
|
| 040 |
|
|
|a SNK
|b slo
|c SNK
|e AACR2
|
| 044 |
|
|
|a xr
|c CZ
|
| 100 |
1 |
|
|a Benešová, Božena,
|d 1873-1936
|4 aut
|9 238609
|
| 245 |
1 |
0 |
|a Nedobytá vítězství
|c Božena Benešová
|
| 260 |
|
|
|a Praha
|b Jos. R. Vilímek
|c [okolo r. 1935]
|
| 300 |
|
|
|a 182 s.
|c 8°
|
| 490 |
1 |
|
|a Vilímkova knihovna
|
| 830 |
|
0 |
|a Vilímkova knihovna
|9 633592
|
| 999 |
|
|
|c 1056113
|d 1058043
|
| 952 |
|
|
|t P60, <04>, [BOOK], {604}
|a SNK
|b SNK
|y VYP
|7 0
|o snkID 68808
|i snkF 1248/78
|0 0
|1 0
|4 0
|d 1996-11-28
|l 0
|r 2005-01-01 00:00:00
|w 2026-02-24
|